Not mean - just lean (Record no. 69236)
[ view plain ]
| 000 -LEADER | |
|---|---|
| fixed length control field | 01219cam a2200253 4500 |
| 001 - CONTROL NUMBER | |
| control field | ABS64875 |
| 008 - FIXED-LENGTH DATA ELEMENTS--GENERAL INFORMATION | |
| fixed length control field | 020109n2001 000 0 eng u |
| 035 ## - SYSTEM CONTROL NUMBER | |
| System control number | (Sirsi) u116216 |
| 100 ## - MAIN ENTRY--PERSONAL NAME | |
| Personal name | Faulkner, G. |
| 245 ## - TITLE STATEMENT | |
| Title | Not mean - just lean |
| 260 ## - PUBLICATION, DISTRIBUTION, ETC. | |
| Date of publication, distribution, etc. | 2001 |
| 490 ## - SERIES STATEMENT | |
| Series statement | Contract Journal |
| Volume/sequential designation | 411(6354) 21 November 2001, 14-15(2) |
| 520 ## - SUMMARY, ETC. | |
| Summary, etc. | Reports on business tools which make production processes 'leaner' and more efficient with particular reference to construction. Argues that these are a total management reorganisation plans and not just a technique for the reduction of waste. For example, certain sections can be examined such as inspection which can be costly and time consuming and which could be replaced by picking up errors earlier in the process. Also suggests improving information streams between contractor and client to establish the same client for a number of jobs and to use the same supply teams. |
| 590 ## - LOCAL NOTE (RLIN) | |
| Local note | ABS |
| 650 ## - SUBJECT ADDED ENTRY--TOPICAL TERM | |
| Topical term or geographic name entry element | CONSTRUCTION INDUSTRY |
| 650 ## - SUBJECT ADDED ENTRY--TOPICAL TERM | |
| Topical term or geographic name entry element | CONSTRUCTION PROCESSES |
| 650 ## - SUBJECT ADDED ENTRY--TOPICAL TERM | |
| Topical term or geographic name entry element | BUSINESS TOOLS |
| 650 ## - SUBJECT ADDED ENTRY--TOPICAL TERM | |
| Topical term or geographic name entry element | LEAN CONSTRUCTION |
| 650 ## - SUBJECT ADDED ENTRY--TOPICAL TERM | |
| Topical term or geographic name entry element | PARTNERING |
| 650 ## - SUBJECT ADDED ENTRY--TOPICAL TERM | |
| Topical term or geographic name entry element | CONTRACTOR |
| 650 ## - SUBJECT ADDED ENTRY--TOPICAL TERM | |
| Topical term or geographic name entry element | CLIENT |
| 690 ## - LOCAL SUBJECT ADDED ENTRY--TOPICAL TERM (OCLC, RLIN) | |
| Topical term or geographic name as entry element | MANAGEMENT-BUSINESS MANAGEMENT |
| 942 ## - ADDED ENTRY ELEMENTS (KOHA) | |
| Suppress in OPAC | 0 |
| Withdrawn status | Lost status | Source of classification or shelving scheme | Damaged status | Not for loan | Home library | Current library | Shelving location | Date acquired | Total Checkouts | Full call number | Barcode | Date last seen | Copy number | Price effective from | Koha item type |
|---|---|---|---|---|---|---|---|---|---|---|---|---|---|---|---|
| Dewey Decimal Classification | London | London | Journal article | 09/01/2002 | ABS64875 | 116216-1001 | 06/08/2019 | 1 | 06/08/2019 | Journal article |